header

The modern papacy (Record no. 143572)

MARC details
000 -LEADER
fixed length control field 01495nam a2200373 a 4500
082 04 - DEWEY DECIMAL CLASSIFICATION NUMBER
Classification number 282.092/2
100 1# - MAIN ENTRY--AUTHOR NAME
Personal name Gregg, Samuel,
245 14 - TITLE STATEMENT
Title The modern papacy
260 ## - PUBLICATION, DISTRIBUTION, ETC. (IMPRINT)
Place of publication New York :
Name of publisher Continuum,
Year of publication c2009.
300 ## - PHYSICAL DESCRIPTION
Number of Pages xvi, 162 p.
490 1# - SERIES STATEMENT
Series statement Major conservative and libertarian thinkers ;
650 #0 - SUBJECT ADDED ENTRY--TOPICAL TERM
Topical Term Modernism (Christian theology)
Topical Term Catholic Church and philosophy.
Topical Term Papacy.
856 40 - ELECTRONIC LOCATION AND ACCESS
Uniform Resource Identifier http://site.ebrary.com/lib/rucke/Doc?id=10427560

No items available.

© 2026 Rongo University
Contact us: librarian | system librarian | Rongo university